| 000 | 00421nam a2200157Ia 4500 | ||
|---|---|---|---|
| 008 | 151213s9999 xx 000 0 und d | ||
| 100 | _aJastice K. Sharmukhan | ||
| 245 |
_aN. S. Bindras Interpretation of Status _cJastice K. Sharmukhan |
||
| 250 | _a8th | ||
| 260 |
_aAlahabad _bThe Low Book Company _c1997 |
||
| 300 | _a3669 p. | ||
| 650 | _aLaw | ||
| 650 | _aLaw | ||
| 700 | _aJastice K. Sharmukhan | ||
| 999 |
_c2446 _d2446 |
||